000 00511nam a2200169 a 4500
001 000028270
005 20200930031508.0
008 110407s2010 dr a 000 0 spa d
040 _aDO-SdBNP
_bspa
_cBNPHU
082 _axxxx
_bM516a
100 1 _aMejía, Cesar
_955269
245 1 3 _aEl arte de lanzar /
_cCesar Emilio Mejía Pérezb.
260 _aSanto Domingo :
_bSantuario,
_c2010.
300 _a99 p. :
_bil., retr. ;
_c22 cm.
500 _aIncluye datos biográficos del autor en la solapa
049 _aBNPD
999 _c27762
_d27762